| 000 | 01228nam a2200313 a 4500 | ||
|---|---|---|---|
| 001 | ebr10590113 | ||
| 003 | CaPaEBR | ||
| 006 | m u | ||
| 007 | cr cn||||||||| | ||
| 008 | 810625s1980 ne a sb 000 0 eng d | ||
| 010 | _z 81131461 | ||
| 020 | _z9070176106 | ||
| 020 | _z9783111030340 | ||
| 020 | _z9783111392844 (e-book) | ||
| 040 |
_aCaPaEBR _cCaPaEBR |
||
| 035 | _a(OCoLC)811393185 | ||
| 050 | 1 | 4 |
_aPM7831 _b.G4 1980eb |
| 245 | 0 | 0 |
_aGenerative studies on Creole languages _h[electronic resource] / _cPieter Muysken (ed.). |
| 260 |
_aDordrecht, Holland ; _aCinnaminson [N.J.] : _bForis Publications, _c1980. |
||
| 300 |
_aviii, 221 p. : _bill. |
||
| 440 | 0 |
_aStudies in generative grammar ; _v6 |
|
| 504 | _aIncludes bibliographical references. | ||
| 533 |
_aElectronic reproduction. _bPalo Alto, Calif. : _cebrary, _d2011. _nAvailable via World Wide Web. _nAccess may be limited to ebrary affiliated libraries. |
||
| 650 | 0 |
_aCreole dialects _xGrammar, Generative. |
|
| 655 | 7 |
_aElectronic books. _2local |
|
| 700 | 1 | _aMuysken, Pieter. | |
| 710 | 2 | _aebrary, Inc. | |
| 856 | 4 | 0 |
_uhttp://site.ebrary.com/lib/rucke/Doc?id=10590113 _zAn electronic book accessible through the World Wide Web; click to view |
| 999 |
_c105213 _d105213 |
||